| 000 | 00555nam a2200217 a 4500 | ||
|---|---|---|---|
| 001 | BRL_596 | ||
| 005 | 20190320210820.0 | ||
| 008 | 060913s1954----gw-#######---#000-0#ger-# | ||
| 041 | _ager | ||
| 044 | _agw | ||
| 050 | 4 |
_aPT2653 _b.L69 1954 |
|
| 100 | 1 |
_aLowell, Joan _924389 |
|
| 245 | 1 | 0 |
_aIch spucke gegen de Wind _cLowell Joan. |
| 260 |
_aAlemania _bRowohlt _c1954 |
||
| 300 |
_a148 p. _c18 cm. |
||
| 440 | 0 |
_arororo, Taschenbücher _v23 _924390 |
|
| 500 | _aAu689 | ||
| 650 | 1 | 4 |
_aLiteratura Alemana _xNovela _924391 |
| 902 | _aGRL | ||
| 942 |
_2lcc _cB |
||
| 999 |
_c9408 _d9408 |
||